Countries mentioned in Sabaton songs - Statistics

General Stats
  • This quiz has been taken 135 times
    131 since last reset
  • The average score is 18 of 23
Answer Stats
Hint Answer % Correct
Screaming Eagles, 82nd All the Way Fields of Verdun, Versailles France
99%
Wolfpack,Wehrmacht, Rise of Evil, Bismarck, The Red Baron Germany
99%
Stalingrad, Defence of Moscow, Attack of the Dead Men Russia
99%
Devil Dogs, Purple Heart,The Lost Batalion, To Hell and Back United States
99%
Uprising, 40:1, Aces in Exile, Winged Hussars Poland
97%
Back in Control, Blood of Bannockburn, Seven Pillars of Wisdom United Kingdom
97%
Shiroyama, Nuclear Attack, Midway Japan
96%
Lion From the North, Ruina Imperii, The Royal Guard Sweden
95%
White Death, Soldier of Three Armies, Talvisota Finland
92%
Sparta, Coat of Arms Greece
92%
Resist And Bite, Race to the Sea, The Unkillable Soldier Belgium
87%
Cliffs of Gallipoli Turkey
87%
Aces in Exile, A Ghost in the Trenches Canada
78%
Saboteurs Norway
72%
Smoking Snakes Brazil
68%
Back in Control Argentina
67%
Reign of Terror, Panzer Batalion Iraq
66%
Counterstrike Israel
65%
The Last Stand Vatican City
64%
Seven Pillars of Wisdom, Reign of Terror Saudi Arabia
63%
Rorke's Drift South Africa
61%
We Burn, Last Dying Breath Serbia
59%
Defence of Moscow Kazakhstan
43%
No matching quizzes found
Score Distribution
Percent of People with Each Score
Percentile by Number Answered
Your Score History
You have not taken this quiz since the last reset